Latest developments in processing procedures (Record no. 61969)

MARC details
000 -LEADER
fixed length control field 00402nam a2200121Ia 4500
100 ## - MAIN ENTRY--AUTHOR NAME
Personal name John Sajan K
245 #0 - TITLE STATEMENT
Title Latest developments in processing procedures
260 ## - PUBLICATION, DISTRIBUTION, ETC. (IMPRINT)
Name of publisher Seminar on Developments in Block Rubber Processing, Rubber Research Institute of India, 24th May, 2005.pp.34-41.
650 ## - SUBJECT ADDED ENTRY--TOPICAL TERM
Topical Term Dirt content
700 ## - ADDED ENTRY--PERSONAL NAME
Personal name Thomas V T
942 ## - ADDED ENTRY ELEMENTS (KOHA)
Koha item type Journals
Holdings
Withdrawn status Lost status Damaged status Not for loan Home library Current library Shelving location Date acquired Koha item type
      Journals RRII Library RRII Library Rubber chemistry 17/12/2021 Journals